000 00461nam a2200157Ia 4500
005 20250403145218.0
008 231217s9999 xx 000 0 und d
020 _a9788131401255
082 _a658.404 CHA;1 R
100 _aChandra, Sekhar Y ed.
245 0 _aProject team management and leadership : issues and perspectives
260 _c2006
_bICFAI Press
_aHyderabad
300 _aix, 222
650 _aProject,team,management,leadership
942 _cAA
999 _c191054
_d191054